Dictionary of the Old Testament : (Record no. 2073)
[ view plain ]
| 000 -LEADER | |
|---|---|
| fixed length control field | 01274cam a22003014a 4500 |
| 001 - CONTROL NUMBER | |
| control field | 12813229 |
| 003 - CONTROL NUMBER IDENTIFIER | |
| control field | GBCCL |
| 005 - DATE AND TIME OF LATEST TRANSACTION | |
| control field | 20241126110416.0 |
| 008 - FIXED-LENGTH DATA ELEMENTS--GENERAL INFORMATION | |
| fixed length control field | 020611s2003 ilub bd 001 0 eng |
| 010 ## - | |
| -- | 2002009227 |
| 020 ## - INTERNATIONAL STANDARD BOOK NUMBER | |
| International Standard Book Number | 0830817816 (USA : alk. paper) |
| 020 ## - INTERNATIONAL STANDARD BOOK NUMBER | |
| International Standard Book Number | 0851119867 (UK : alk. paper) |
| 040 ## - CATALOGING SOURCE | |
| Original cataloging agency | DLC |
| Transcribing agency | DLC |
| Modifying agency | DLC |
| 042 ## - | |
| -- | pcc |
| 050 00 - | |
| -- | BS1225.52 |
| -- | .D53 2003 |
| 082 00 - DEWEY DECIMAL CLASSIFICATION NUMBER | |
| Classification number | 222.103 |
| Edition information | 21 |
| Item number | DIC |
| 245 00 - TITLE STATEMENT | |
| Title | Dictionary of the Old Testament : |
| Remainder of title | Pentateuch / |
| Statement of responsibility, etc. | editors, T. Desmond Alexander, David W. Baker. |
| 260 ## - PUBLICATION, DISTRIBUTION, ETC. | |
| Place of publication, distribution, etc. | Downers Grove, Ill. : |
| Name of publisher, distributor, etc. | InterVarsity Press, |
| Date of publication, distribution, etc. | c2003. |
| 300 ## - PHYSICAL DESCRIPTION | |
| Extent | xxii, 954 p. : |
| Other physical details | maps ; |
| Dimensions | 26 cm. |
| 504 ## - BIBLIOGRAPHY, ETC. NOTE | |
| Bibliography, etc. note | Includes bibliographical references and indexes. |
| 505 0# - FORMATTED CONTENTS NOTE | |
| Formatted contents note | How to use this dictionary -- Abbreviations -- Transliterations -- List of contributors -- Dictionary articles -- Scripture index -- Subject index -- Articles index. |
| 630 00 - SUBJECT ADDED ENTRY--UNIFORM TITLE | |
| Uniform title | Bible. |
| Name of part/section of a work | Pentateuch |
| Form subdivision | Dictionaries. |
| 9 (RLIN) | 4255 |
| 700 1# - ADDED ENTRY--PERSONAL NAME | |
| Personal name | Alexander, T. Desmond. |
| 9 (RLIN) | 4256 |
| 700 1# - ADDED ENTRY--PERSONAL NAME | |
| Personal name | Baker, David W. |
| Fuller form of name | (David Weston), |
| Dates associated with a name | 1950- |
| 9 (RLIN) | 1770 |
| 906 ## - LOCAL DATA ELEMENT F, LDF (RLIN) | |
| a | 7 |
| b | cbc |
| c | orignew |
| d | 1 |
| e | ecip |
| f | 20 |
| g | y-gencatlg |
| 942 ## - ADDED ENTRY ELEMENTS (KOHA) | |
| Source of classification or shelving scheme | Dewey Decimal Classification |
| Koha item type | Reference Books |
| Withdrawn status | Lost status | Source of classification or shelving scheme | Damaged status | Not for loan | Home library | Current Library | Shelving location | Date acquired | Total checkouts | Full call number | Barcode | Date last seen | Copy number | Price effective from | Koha item type |
|---|---|---|---|---|---|---|---|---|---|---|---|---|---|---|---|
| Dewey Decimal Classification | GRACE BIBLE COLLEGE | GRACE BIBLE COLLEGE | Dictionary | 2017-06-28 | 222.103 DIC | 010232 | 2025-05-01 | c.1 | 2017-06-28 | Reference Books |